[Event "Vlissingen HZ op 23rd"]
[Site "Vlissingen"]
[Date "2019.08.07"]
[Round "6"]
[White "Westerweele, Henrik"]
[Black "Braun, Eric"]
[Result "1-0"]
[WhiteElo "1961"]
[BlackElo "1602"]
[PlyCount "37"]
[EventDate "2019.08.03"]
[EventType "swiss"]
[EventRounds "9"]
[EventCountry "NED"]
[SourceTitle "CBM 191 Extra"]
[Source "ChessBase"]
[SourceDate "2019.09.30"]
[SourceVersion "1"]
[SourceVersionDate "2019.09.30"]
[SourceQuality "1"]

1. e4 c5 2. c3 g6 3. d4 cxd4 4. cxd4 d5 5. exd5 Nf6 6. Nc3 Nxd5 7. h3 Nc6 8. Nf3 Bg7 9. Bc4 Be6 10. Qb3 Na5 11. Qb5+ Kf8 12. Bxd5 a6 13. Qb4 Bxd5 14. Nxd5 Qxd5 15. 0-0 Bf6 16. Bh6+ Kg8 17. Rac1 Qh5 18. Qd2 Nc6 19. Rc5 1-0

[Event "Zuoz Engiadina op 25th"]
[Site "Zuoz"]
[Date "2018.10.10"]
[Round "5"]
[White "Braun, Eric"]
[Black "Kube, Hannelore"]
[Result "0-1"]
[WhiteElo "1640"]
[BlackElo "1904"]
[PlyCount "82"]
[EventDate "2018.10.06"]
[EventType "swiss"]
[EventRounds "7"]
[EventCountry "SUI"]
[SourceTitle "CBM 186 Extra"]
[Source "ChessBase"]
[SourceDate "2018.08.24"]
[SourceVersion "1"]
[SourceVersionDate "2018.08.24"]
[SourceQuality "1"]

1. d4 f5 2. Nf3 Nf6 3. c4 e6 4. g3 c6 5. Bg2 d5 6. b3 Bd6 7. 0-0 0-0 8. Ba3 Bxa3 9. Nxa3 Qe7 10. Nc2 Nbd7 11. Ne5 Nxe5 12. dxe5 Ng4 13. cxd5 cxd5 14. f4 Qc5+ 15. e3 Nxe3 16. Nxe3 Qxe3+ 17. Kh1 Qb6 18. g4 fxg4 19. Qxg4 Rf5 20. Rf3 Bd7 21. Rg3 g6 22. h4 Kf7 23. Rd1 Qb4 24. Rf1 Rc8 25. Qf3 Rc2 26. Rg5 Bc6 27. Rxf5+ exf5 28. Qg3 Qe7 29. a3 d4 30. Bxc6 bxc6 31. Rd1 c5 32. b4 Qb7+ 33. Kg1 Rc3 34. Qg5 Qc6 35. bxc5 Rxc5 36. Re1 Qe6 37. Rb1 Rc7 38. Rb8 Rc1+ 39. Kh2 Qa2+ 40. Qg2 Rc2 41. Rb7+ Ke6 0-1

[Event "Zuoz Engiadina op 23rd"]
[Site "Zuoz"]
[Date "2016.10.01"]
[Round "1"]
[White "Held, Thomas"]
[Black "Braun, Eric"]
[Result "0-1"]
[WhiteElo "2151"]
[BlackElo "1723"]
[PlyCount "72"]
[EventDate "2016.10.01"]
[EventType "swiss"]
[EventRounds "7"]
[EventCountry "SUI"]
[SourceTitle "EXT 2017"]
[Source "ChessBase"]
[SourceDate "2016.10.25"]
[SourceVersion "1"]
[SourceVersionDate "2016.10.25"]
[SourceQuality "1"]

1. c4 Nf6 2. g3 e5 3. Bg2 Nc6 4. Nc3 Bb4 5. Nd5 a5 6. e3 0-0 7. Ne2 Nxd5 8. cxd5 Ne7 9. a3 Bc5 10. 0-0 d6 11. f4 Bg4 12. h3 Bxe2 13. Qxe2 Qd7 14. Kh2 f6 15. b3 c6 16. dxc6 bxc6 17. Bb2 Qe6 18. Qc4 Qxc4 19. bxc4 Rab8 20. Bc3 a4 21. Rfb1 Rb3 22. Be4 Rxa3 23. Rxa3 Bxa3 24. Ra1 Bc5 25. Rxa4 f5 26. Bc2 e4 27. g4 g6 28. Ra1 Kf7 29. Bd1 Ke6 30. Kg3 Rb8 31. Kf2 Bb4 32. Rb1 c5 33. Ke2 Nc6 34. Ba1 Ra8 35. Bb3 Ra3 36. d3 exd3+ 0-1

[Event "Marianske Lazne op 13th"]
[Site "Marianske Lazne"]
[Date "2014.01.19"]
[Round "2"]
[White "Chaix, Gerard"]
[Black "Braun, Eric"]
[Result "1-0"]
[WhiteElo "1540"]
[BlackElo "1835"]
[PlyCount "35"]
[EventDate "2014.01.18"]
[EventType "swiss"]
[EventRounds "9"]
[EventCountry "CZE"]
[SourceTitle "CBM 158 Extra"]
[Source "ChessBase"]
[SourceDate "2014.02.28"]
[SourceVersion "1"]
[SourceVersionDate "2014.02.28"]
[SourceQuality "1"]

1. e4 g6 2. d4 d6 3. Be3 Bg7 4. Nf3 Nd7 5. c3 e6 6. Be2 Ne7 7. Qc2 b6 8. Nbd2 Bb7 9. 0-0 0-0 10. Rfe1 c5 11. dxc5 Nxc5 12. Rad1 Qd7 13. Bd4 f5 14. Bxg7 Kxg7 15. e5 d5 16. Nc4 Ne4 17. Nd4 dxc4 18. Nxf5+ 1-0

[Event "Lienz op 17th"]
[Site "Lienz"]
[Date "2013.02.11"]
[Round "4"]
[White "Groiss, Karl"]
[Black "Braun, Eric"]
[Result "1-0"]
[WhiteElo "2011"]
[BlackElo "1843"]
[PlyCount "75"]
[EventDate "2013.02.09"]
[EventType "swiss"]
[EventRounds "9"]
[EventCountry "AUT"]
[SourceTitle "CBM 152 Extra"]
[Source "ChessBase"]
[SourceDate "2013.02.25"]
[SourceVersion "1"]
[SourceVersionDate "2013.02.25"]
[SourceQuality "1"]

1. d4 d5 2. c4 e6 3. Nc3 f5 4. Nf3 Nf6 5. e3 c6 6. c5 Be7 7. Ne5 0-0 8. Be2 Ne4 9. 0-0 Nd7 10. f4 Ndf6 11. Rf3 Bd7 12. Qe1 Nxc3 13. bxc3 b6 14. cxb6 axb6 15. c4 c5 16. cxd5 Nxd5 17. Bb2 b5 18. dxc5 Bxc5 19. Qd2 Be8 20. Bd4 Bxd4 21. Qxd4 Ra4 22. Qd3 Qb6 23. Kh1 Re4 24. Qd2 b4 25. Nc4 Qa7 26. Rg3 b3 27. a3 Ba4 28. Bd3 Rxc4 29. Bxc4 Rd8 30. Qb2 g6 31. Rd1 Kf7 32. h3 Qb7 33. Rd4 Rd7 34. Bxd5 Rxd5 35. Rxa4 Rd1+ 36. Kh2 Qb5 37. Rb4 Qf1 38. Rb7+ 1-0

[Event "Merano Gold Cup 39th"]
[Site "Merano"]
[Date "2011.05.01"]
[Round "2"]
[White "Opitz, Christian"]
[Black "Braun, Eric"]
[Result "1-0"]
[WhiteElo "2007"]
[BlackElo "1843"]
[PlyCount "55"]
[EventDate "2011.04.30"]
[EventType "swiss"]
[EventRounds "9"]
[EventCountry "ITA"]
[SourceTitle "EXT 2015"]
[Source "ChessBase"]
[SourceDate "2014.11.20"]
[SourceVersion "1"]
[SourceVersionDate "2014.11.20"]
[SourceQuality "1"]

1. e4 c5 2. Nf3 d6 3. d4 cxd4 4. Nxd4 Nf6 5. Bd3 Nc6 6. Nb3 e6 7. c4 Be7 8. Nc3 0-0 9. 0-0 a6 10. Be2 Qc7 11. Be3 b6 12. Rc1 Bb7 13. f3 Rfd8 14. Nd5 exd5 15. cxd5 b5 16. Nd4 Qa5 17. dxc6 Bc8 18. c7 Rd7 19. Nc6 Qxa2 20. Nb8 Qe6 21. Nxd7 Bxd7 22. Qd2 a5 23. Rfd1 a4 24. Bf4 Ne8 25. e5 dxe5 26. Qxd7 Qb6+ 27. Kf1 Bh4 28. Bg3 1-0

[Event "Groningen Compact op-C"]
[Site "Groningen"]
[Date "2008.12.28"]
[Round "3"]
[White "Braun, Eric"]
[Black "Van der Woude, Benjamin"]
[Result "1-0"]
[WhiteElo "1647"]
[BlackElo "1656"]
[PlyCount "79"]
[EventDate "2008.12.26"]
[EventType "swiss"]
[EventRounds "5"]
[EventCountry "NED"]
[SourceTitle "CBM 127 Extra"]
[Source "ChessBase"]
[SourceDate "2009.01.08"]
[SourceVersion "2"]
[SourceVersionDate "2009.01.28"]
[SourceQuality "1"]

1. e4 e6 2. d4 d5 3. e5 c5 4. c3 Nc6 5. Nf3 Qc7 6. a3 c4 7. g3 h6 8. Bg2 Nge7 9. 0-0 Nf5 10. Re1 g5 11. h3 Be7 12. Nbd2 h5 13. Nf1 Qd8 14. b3 cxb3 15. Qxb3 Na5 16. Qc2 Nc4 17. Ne3 Ncxe3 18. Bxe3 Bd7 19. a4 Rc8 20. Qb3 b6 21. Rec1 Nxe3 22. fxe3 Bc6 23. Nd2 Kf8 24. Kf2 Kg7 25. e4 dxe4 26. Nxe4 Bd5 27. Qd1 f5 28. exf6+ Bxf6 29. Qd3 Rf8 30. Kg1 Bxe4 31. Qxe4 Rxc3 32. Rxc3 Qxd4+ 33. Re3 Qxa1+ 34. Kh2 Bd4 35. Re1 Qxa4 36. Qxe6 Bf6 37. Rc1 Rf7 38. Bd5 Rf8 39. Rc7+ Kh6 40. Be4 1-0